| 000 | 00427 a2200169 4500 | ||
|---|---|---|---|
| 003 | Nust | ||
| 005 | 20170207153403.0 | ||
| 040 | _cNust | ||
| 082 | _a005.1 | ||
| 100 | _aSalman , Capt Muhammad BESE-07 | ||
| 245 |
_aDatabase control system (Hard / Softcopy) _hCapt Muhammad Salman BESE-07 |
||
| 260 |
_bMCS _c2005 |
||
| 300 | _a52 p | ||
| 538 | _aAlmirah No.71 Shelf No.4 | ||
| 650 | _a UG Projects | ||
| 651 | _a UG CS Projects | ||
| 942 | _cTHS | ||
| 999 |
_c185041 _d185041 |
||